1499 1821 1903 1791 1427 1974 1546 1910 1284 1532 1018 1839 1862 1429 1599 1991 1956 1204 1860 1686 1265 1351 1116 1297 1810 1559 1817 1599 1921 1209 1816 1616 1010 1631 1816 1156 1978 1894 1768 1495 1019 1406 1451 1514 1033 1891 1924 1622 1327 1804 1570 1225 1468 1641 1308 1814 1189 1164 1225 1012 1402 1108 1409 1259 1983 1881 1024 1099 1223 1729 1876 1860 1763 1706 1704 1245 1621 1431 1083 1768 1754 1618 1753 1270 1457 1508 1542 1398 1392 1291 1822 1201 1891 1474 1323 1039 1889 1855 1375 BCNSPRNW ULIB Ver.6.0+V

เปลี่ยนเป็นภาษาไทย

Change to English
 แสดงรายละเอียดบรรณานุกรม
  กลับหน้าหลัก

Brief Record : Get Marc (ISO 2709) : E-mail record : QR code < ปิดหน้าต่าง
LEADER : 00000nam 2200000uu 4500
001    13399112830
003     ULIB
008    110912s2553||||th 000 0 tha d
020    9786162020919
041 1  tha^heng
060  4 WY100^bช615ก 2550
245 00 เกณฑ์คุณภาพการศึกษาเพื่อการดำเนินงานที่เป็นเลิศ 2552-2553=^b2009 - 2010 Education criteria for performance excellence : baldrige national quality program /^c[แปลและเรียบเรียง]โดย ลภาพรรณ จูวงส์ ; ปรับปรุงโดย พรทิพย์ กาญจนนิยต, สมสมร วงศ์รจิต, พรสุรีย์ ภักดีไทย
246 31 2009-2010 Education criteria for performance excellence :^bbaldrige national quality program
250    พิมพ์ครั้งที่ 2
260    กรุงเทพฯ :^bสำนักมาตรฐานอุดมศึกษาสำนักงานปลัดทบวงมหาวิทยาลัย,^c2553
300    271 หน้า ;^c30 ซม.
650  4 การบริหารงานคุณภาพเบ็ดเสร็จ
650  4 การประเมินผลทางการศึกษา
650  4 การศึกษา^xการประเมิน
650  4 การศึกษา^xมาตรฐาน
650  4 การศึกษาขั้นอุดมศึกษา^xการประเมิน
650  4 นโยบายการศึกษา^zไทย
650  4 ประกันคุณภาพการศึกษา
650  4 ประกันคุณภาพการศึกษาระดับอุดมศึกษา
700 0  ลภาพรรณ จูวงส์,^eผู้แปล
700 0  พรทิพย์ กาญจนนิยต
700 0  สมสมร วงศ์รจิต
700 0  พรสุรีย์ ภักดีไทย
710 2  สำนักมาตรฐานอุดมศึกษา
995    ทศพร
999 ^a ทศพร
รายการนี้ยังไม่มีแท็ก
คุณยังไม่ได้ล็อกอิน คุณสามารถมีกิจกรรมร่วมกับเว็บไซต์ได้ แต่ต้องล็อกอินก่อน ::
  ล็อกอิน

รายการสื่อสารสนเทศ

ลำดับที่ ประเภท เลขเรียก/บาร์โค้ด สถานที่ สถานะ
- ไม่พบข้อมูล -

รายการใกล้เคียง
    หัวเรื่อง [การบริหารงานคุณภาพเบ็ดเสร็จ]
    หัวเรื่อง [การประเมินผลทางการศึกษา]
    หัวเรื่อง [ประกันคุณภาพการศึกษา]
    หัวเรื่อง [ประกันคุณภาพการศึกษาระดับอุดมศึกษา]

BibComment


ยังไม่เคยถูกคอมเมนท์

คอมเมนท์ทรัพยากรรายการนี้
  คอมเมนท์: เกณฑ์คุณภาพการศึก..


 Copyright 2026. Bcnsprnw @Library